[Event "ch-FRA Accession 2015"]
[Site "Saint-Quentin FRA"]
[Date "2015.08.17"]
[Round "8.2"]
[White "Dionisi, Thomas"]
[Black "Chabanon, Jean-Luc"]
[Result "1-0"]
[WhiteTitle "FM"]
[BlackTitle "GM"]
[WhiteElo "2371"]
[BlackElo "2493"]
[WhiteFideId "651893"]
[BlackFideId "600075"]
[EventDate "2015.08.09"]

1. e4 c6 2. d4 d5 3. Nc3 dxe4 4. Nxe4 Bf5 5. Ng3 Bg6 6. h4 h6 7. h5 Bh7 8. Nf3
Nd7 9. Bd3 Bxd3 10. Qxd3 e6 11. Bd2 Ngf6 12. O-O-O Qc7 13. Ne4 O-O-O 14. g3 Nc5
15. Nxc5 Bxc5 16. c4 Bd6 17. Bc3 Rhe8 18. Kb1 c5 19. d5 Ng4 20. Qc2 Ne5 21. Nh4
exd5 22. Rxd5 f6 23. b3 Nc6 24. f4 Qf7 25. Rhd1 Qe6 26. Nf5 Bf8 27. Qd3 Qe4 28.
Rxd8+ Nxd8 29. Qxe4 Rxe4 30. Kc2 Re2+ 31. Rd2 Re6 32. Kd3 Kd7 33. Re2 Ra6 34.
Ke4 Re6+ 35. Kf3 Rxe2 36. Kxe2 Ke6 37. g4 Nc6 38. Kf3 b6 39. Ke4 Nd8 40. Ne3 Nf7
41. Nf5 Nd8 42. Be1 Nf7 43. Bd2 Nh8 44. Nh4 Nf7 45. Nf5 Nh8 46. a3 Nf7 47. b4
cxb4 48. axb4 Nd8 49. Nd4+ Kd7 50. Kd5 Nb7 51. Nc6 Nd6 52. Nxa7 f5 53. c5 Ne4
54. c6+ Kd8 55. Be3 Nf6+ 56. Ke6 Kc7 57. Kxf5 Nd5 58. Bd4 Bd6 59. Bxg7 Bxf4 60.
Kg6 Ne7+ 61. Kh7 Kb8 62. Bxh6 Bxh6 63. Kxh6 Kxa7 64. Kg7 1-0

[Event "ch-FRA Accession 2015"]
[Site "Saint-Quentin FRA"]
[Date "2015.08.17"]
[Round "8.4"]
[White "Debray, Christopher"]
[Black "Housieaux, David"]
[Result "0-1"]
[WhiteTitle "IM"]
[BlackTitle "IM"]
[WhiteElo "2346"]
[BlackElo "2445"]
[WhiteFideId "630810"]
[BlackFideId "617938"]
[EventDate "2015.08.09"]

1. e4 e6 2. d4 d5 3. Nd2 Nf6 4. e5 Nfd7 5. f4 c5 6. Ndf3 Nc6 7. c3 Qb6 8. a3 a5
9. b3 Ndb8 10. Bd3 Bd7 11. Ne2 cxd4 12. cxd4 Na6 13. O-O Nc7 14. Be3 Nb5 15. a4
Nc7 16. g4 Nb4 17. Bb1 Be7 18. Ng3 h6 19. f5 O-O-O 20. Ne1 Kb8 21. Nd3 Nc6 22.
Qd2 Bg5 23. Nc5 Nxe5 24. Bxg5 hxg5 25. Qxg5 Qb4 26. Ne2 f6 27. Qf4 Rh4 28. h3
Rxh3 29. Nxd7+ Nxd7 30. fxe6 g5 31. Qf5 Nf8 32. Qxg5 fxg5 33. Bf5 Nfxe6 34. Bxe6
Qxb3 35. Kg2 Qe3 0-1

[Event "ch-FRA Accession 2015"]
[Site "Saint-Quentin FRA"]
[Date "2015.08.17"]
[Round "8.5"]
[White "Collas, Didier"]
[Black "Eden, James"]
[Result "1-0"]
[WhiteTitle "IM"]
[WhiteElo "2379"]
[BlackElo "2301"]
[WhiteFideId "602680"]
[BlackFideId "666491"]
[EventDate "2015.08.09"]

1. e4 e5 2. Nf3 Nc6 3. Bb5 a6 4. Ba4 Nf6 5. O-O Be7 6. Re1 b5 7. Bb3 O-O 8. h3
d6 9. c3 Na5 10. Bc2 c5 11. d4 Nd7 12. d5 Nb6 13. Nbd2 f5 14. exf5 Bxf5 15. Bxf5
Rxf5 16. Ne4 h6 17. Nh2 Qd7 18. Qg4 Rff8 19. Rd1 Qxg4 20. Nxg4 Kh7 21. b3 Nb7
22. Be3 a5 23. a4 bxa4 24. bxa4 Nc4 25. Rdb1 Rfb8 26. Bc1 Nd8 27. Kf1 Nf7 28.
Ke2 Nb6 29. Ne3 Kg6 30. c4 Ng5 31. f3 Nxe4 32. fxe4 Bg5 33. Kd3 Nd7 34. Nf5 Bxc1
35. Rxc1 Rb3+ 36. Rc3 Rb6 37. Rf1 Nf6 38. g4 Raa6 39. Ke3 Rb4 40. Ra1 Rb2 41.
Nh4+ Kf7 42. Nf3 Rab6 43. Raa3 R6b4 44. g5 hxg5 45. Nxg5+ Kg6 46. Nf3 Kh5 47.
Ra1 R2b3 48. Rc1 Rxc3+ 49. Rxc3 Rxa4 50. Nd2 Rb4 51. Rc1 a4 52. Rg1 g5 53. Kd3
a3 54. Ra1 Ra4 55. Kc3 Kh4 56. Nf3+ Kxh3 57. Nxg5+ Kg4 58. Rg1+ Kf4 59. Kd3 Nxe4
60. Nxe4 a2 61. Rf1+ Kg4 62. Ra1 Ra3+ 63. Kc2 Ra6 64. Nc3 Kf3 65. Rxa2 Rxa2+ 66.
Nxa2 Kf2 67. Kd2 e4 68. Nc1 e3+ 69. Kd3 Kf3 70. Ne2 Kf2 71. Nc3 Kf3 72. Kc2 Kf4
73. Kd1 Kf3 74. Ke1 e2 75. Nb5 1-0

[Event "ch-FRA Accession 2015"]
[Site "Saint-Quentin FRA"]
[Date "2015.08.17"]
[Round "8.6"]
[White "Stephan, Victor"]
[Black "Favarel, Antoine"]
[Result "0-1"]
[WhiteTitle "FM"]
[BlackTitle "FM"]
[WhiteElo "2325"]
[BlackElo "2364"]
[WhiteFideId "656666"]
[BlackFideId "642371"]
[EventDate "2015.08.09"]

1. d4 Nf6 2. c4 e6 3. Nc3 Bb4 4. e3 O-O 5. Ne2 c6 6. a3 Ba5 7. b4 Bc7 8. Ng3 d5
9. Be2 dxc4 10. Bxc4 e5 11. O-O Nbd7 12. Bb2 Nb6 13. Bb3 exd4 14. exd4 Nbd5 15.
Nxd5 Nxd5 16. Qf3 Be6 17. Rfe1 a5 18. bxa5 Rxa5 19. a4 Nf4 20. d5 cxd5 21. Rac1
Bb8 22. Rcd1 Ra6 23. Bc4 Rc6 24. Bb5 Rc2 25. Ba3 Bd6 26. Ne4 dxe4 27. Rxe4 Nd5
28. Bd3 Rc3 29. Bb2 Rb3 30. Rxe6 Rxd3 31. Rxd3 fxe6 32. Qg4 Qe7 33. Qe4 Rf4 34.
Qe2 Bc5 35. Qe5 Rxf2 36. Rxd5 Rf5+ 37. Rxc5 Qxc5+ 0-1

[Event "ch-FRA Accession 2015"]
[Site "Saint-Quentin FRA"]
[Date "2015.08.18"]
[Round "9.1"]
[White "Demuth, Adrien"]
[Black "Dionisi, Thomas"]
[Result "1-0"]
[WhiteTitle "GM"]
[BlackTitle "FM"]
[WhiteElo "2541"]
[BlackElo "2371"]
[WhiteFideId "642274"]
[BlackFideId "651893"]
[EventDate "2015.08.09"]

1. Nf3 f5 2. d3 Nc6 3. e4 e5 4. Nc3 Nf6 5. exf5 d6 6. d4 exd4 7. Nxd4 Nxd4 8.
Qxd4 Bxf5 9. Bg5 Be7 10. Bc4 h6 11. Bh4 d5 12. Qe5 dxc4 13. Bxf6 Qd6 14. Qxe7+
Qxe7+ 15. Bxe7 Kxe7 16. O-O-O Kf7 17. Rd4 Be6 18. Nb5 Rac8 19. Rf4+ Kg6 20. Re1
Bd7 21. Nc3 Rhf8 22. Rd4 Bc6 23. f3 Rfe8 24. Rxe8 Rxe8 25. Rxc4 Re1+ 26. Kd2 Rg1
27. Rg4+ Kf6 28. Ne2 Rh1 29. h4 a5 30. Ng3 Rh2 31. Ke3 g5 32. hxg5+ hxg5 33. Kf2
Rh7 34. Ne4+ Bxe4 35. Rxe4 Rd7 36. Rc4 c6 37. a4 Rd2+ 38. Kg3 Rd5 39. Kg4 Rd2
40. g3 Rd5 41. c3 c5 42. Re4 Rd2 43. Re8 Rxb2 44. Rf8+ Ke7 45. Rc8 b6 46. Kxg5
Rb3 47. f4 Rxc3 48. g4 Kd7 49. Rb8 Kc7 50. Re8 Rf3 51. f5 c4 52. f6 c3 53. Kg6
b5 54. axb5 a4 55. f7 c2 56. Re1 a3 57. Rc1 Kb6 58. Rxc2 Kxb5 59. Kg7 1-0

[Event "ch-FRA Accession 2015"]
[Site "Saint-Quentin FRA"]
[Date "2015.08.18"]
[Round "9.2"]
[White "Housieaux, David"]
[Black "Jolly, Jean-Francois"]
[Result "1-0"]
[WhiteTitle "IM"]
[BlackTitle "IM"]
[WhiteElo "2445"]
[BlackElo "2345"]
[WhiteFideId "617938"]
[BlackFideId "634751"]
[EventDate "2015.08.09"]

1. Nf3 d5 2. d4 Nf6 3. c4 e6 4. g3 Be7 5. Bg2 O-O 6. O-O dxc4 7. Qc2 a6 8. a4
Bd7 9. Qxc4 Bc6 10. Bf4 Bd6 11. Qc1 Nbd7 12. Nc3 Qe7 13. Rd1 a5 14. Bd2 Bxf3 15.
Bxf3 c6 16. Bg2 Rac8 17. Be1 e5 18. dxe5 Qxe5 19. Qc2 Bb4 20. e3 Nc5 21. Rd4 Ne6
22. Rh4 Rfd8 23. Ne4 Bxe1 24. Nxf6+ Qxf6 25. Qxh7+ Kf8 26. Rxe1 Rd2 27. Rf1 Rcd8
28. b4 Rb2 29. Qh5 Rdd2 30. Qxa5 g5 31. Rh7 Rxf2 32. Qa8+ Nd8 33. Qxd8+ Qxd8 34.
Rxf2 Rxf2 35. Rh8+ 1-0

[Event "ch-FRA Accession 2015"]
[Site "Saint-Quentin FRA"]
[Date "2015.08.18"]
[Round "9.3"]
[White "Favarel, Antoine"]
[Black "Duboue, Peio"]
[Result "0-1"]
[WhiteTitle "FM"]
[BlackTitle "FM"]
[WhiteElo "2364"]
[BlackElo "2312"]
[WhiteFideId "642371"]
[BlackFideId "654833"]
[EventDate "2015.08.09"]

1. c4 Nf6 2. g3 e6 3. Bg2 d5 4. Nf3 Be7 5. O-O O-O 6. d4 dxc4 7. Qc2 a6 8. a4
Bd7 9. Qxc4 Bc6 10. Bg5 a5 11. Nc3 Na6 12. Bxf6 Bxf6 13. e4 Nb4 14. Rfd1 b6 15.
Ne1 Be7 16. e5 Bxg2 17. Kxg2 Qc8 18. Nf3 Rd8 19. d5 exd5 20. Nxd5 Qe6 21. Nxe7+
Qxe7 22. Rac1 Rxd1 23. Rxd1 Na6 24. Qc6 Qe8 25. Rd7 Rc8 26. Qb5 c6 27. Qxb6 Qxd7
28. Qxa6 Rb8 29. Qxa5 h6 30. Qc3 Qd5 31. b4 Qe4 32. b5 cxb5 33. axb5 Rxb5 34. h3
Kh7 35. g4 Rd5 36. Qc7 Qg6 37. Qc4 Qd3 38. Qf4 Rd7 39. Qa4 Qd5 40. Qf4 Ra7 41.
Qf5+ g6 42. Qf6 Ra4 43. Kg3 Qe6 44. Qd8 Ra3 45. Qd4 Qc6 46. Qf4 Kg7 47. Kg2 Ra4
48. Qd2 Qe4 49. Qd8 Qc6 50. Qd2 Rc4 51. Kg3 Qe4 52. Kg2 g5 53. Qd8 Qc6 54. Qd3
Rc3 55. Qf5 Qg6 56. Nd4 Qxf5 57. Nxf5+ Kg6 58. Nd4 Rc4 59. Nf3 Re4 60. Kg3 h5
61. gxh5+ Kxh5 62. Kg2 g4 63. hxg4+ Kxg4 64. Nh2+ Kf4 65. Nf3 Ra4 66. e6 fxe6
67. Nd2 e5 68. Nf1 e4 69. Ne3 Rd4 70. Nf1 Rd8 71. Ne3 Rd7 72. Nc4 Rc7 73. Ne3
Rc5 74. Nf1 Rg5+ 75. Ng3 e3 76. fxe3+ Kxe3 77. Kh2 Kf3 78. Nf1 Kf2 0-1

[Event "ch-FRA Accession 2015"]
[Site "Saint-Quentin FRA"]
[Date "2015.08.18"]
[Round "9.4"]
[White "Chabanon, Jean-Luc"]
[Black "Collas, Didier"]
[Result "1/2-1/2"]
[WhiteTitle "GM"]
[BlackTitle "IM"]
[WhiteElo "2493"]
[BlackElo "2379"]
[WhiteFideId "600075"]
[BlackFideId "602680"]
[EventDate "2015.08.09"]

1. Nf3 Nf6 2. c4 g6 3. Nc3 c5 4. d4 cxd4 5. Nxd4 Nc6 6. e4 d6 7. Be2 Nxd4 8.
Qxd4 Bg7 9. Bg5 O-O 10. O-O Be6 11. Qd3 Qa5 12. Bd2 Rfc8 13. b3 Qd8 14. Rae1 a6
15. a4 Nd7 16. Bd1 Nc5 17. Qe3 a5 18. Bc2 Bd7 19. Rd1 Bc6 20. Rfe1 b6 21. Re2
Ra7 22. Be1 Rd7 23. f4 e6 24. Bf2 Bh6 25. Qg3 Bg7 26. Qe3 Bh6 27. Qg3 Bg7 28.
Qe3 1/2-1/2

[Event "ch-FRA Accession 2015"]
[Site "Saint-Quentin FRA"]
[Date "2015.08.18"]
[Round "9.5"]
[White "Velten, Paul"]
[Black "Lazarev, Vladimir"]
[Result "1-0"]
[WhiteTitle "IM"]
[BlackTitle "GM"]
[WhiteElo "2470"]
[BlackElo "2389"]
[WhiteFideId "681091"]
[BlackFideId "4113250"]
[EventDate "2015.08.09"]

1. d4 Nf6 2. Nf3 d5 3. c4 e6 4. g3 Bb4+ 5. Nbd2 O-O 6. Bg2 b6 7. O-O Bb7 8. Qc2
Nbd7 9. a3 Be7 10. cxd5 exd5 11. Nb1 Ne4 12. Nc3 c5 13. dxc5 Nxc3 14. Qxc3 bxc5
15. Qc2 Qb6 16. b4 cxb4 17. axb4 Bf6 18. Rb1 Rfe8 19. Bb2 Ba6 20. Rfe1 Rac8 21.
Qf5 Bxb2 22. Rxb2 Nf6 23. Qb1 d4 24. b5 Bb7 25. Qd3 Rcd8 26. Ra1 Ne4 27. Qa3 Ra8
28. Qb4 Rad8 29. Qa5 Qf6 30. Rc2 g5 31. Rf1 g4 32. Ne1 Qb6 33. Qxb6 axb6 34. Nd3
Ba8 35. Nf4 Nc3 36. Bxa8 Rxa8 37. e3 Red8 38. exd4 Nxb5 39. d5 Rac8 40. Rxc8
Rxc8 41. h3 gxh3 42. Kh2 Kf8 43. Kxh3 Ke7 44. Re1+ Kd6 45. Rb1 Rc5 46. Kg4 Kc7
47. Rh1 Nd6 48. Rxh7 Rc2 49. Kf3 b5 50. Nd3 Rd2 51. Ke3 Nc4+ 52. Kd4 Kd6 53.
Rh6+ Ke7 54. Kc3 Rd1 55. Ra6 Nd6 56. f3 Rf1 57. Ne5 f6 58. Nc6+ Kd7 59. Ra7+ Kc8
60. Kb4 Rc1 61. Rh7 Rc2 62. g4 Rc1 63. Ka5 Nc4+ 64. Kxb5 Rc3 65. f4 Rc1 66. Kc5
Ne3+ 67. Kd6 Nc4+ 68. Ke6 1-0

[Event "ch-FRA Accession 2015"]
[Site "Saint-Quentin FRA"]
[Date "2015.08.19"]
[Round "10.2"]
[White "Collas, Didier"]
[Black "Housieaux, David"]
[Result "1-0"]
[WhiteTitle "IM"]
[BlackTitle "IM"]
[WhiteElo "2379"]
[BlackElo "2445"]
[WhiteFideId "602680"]
[BlackFideId "617938"]
[EventDate "2015.08.09"]

1. d4 Nf6 2. c4 g6 3. Nc3 Bg7 4. e4 d6 5. Nf3 O-O 6. Be2 e5 7. O-O Nc6 8. d5 Ne7
9. b4 Ne8 10. c5 f5 11. a4 Nf6 12. a5 Kh8 13. Bc4 h6 14. Nd2 g5 15. Ba3 Ng6 16.
b5 b6 17. axb6 axb6 18. cxd6 cxd6 19. Bb4 Rb8 20. Ra7 Nf4 21. Re1 Bb7 22. Bf1
Rf7 23. g3 Ng6 24. Nc4 Ne8 25. exf5 Ne7 26. g4 Nc8 27. Ra3 Nf6 28. Ne4 Rd7 29.
Nxf6 Bxf6 30. Bg2 Ne7 31. Qd3 Kg7 32. Ra7 Nc8 33. Ra4 Ne7 34. Rd1 Rc8 35. Ra7
Rb8 36. Ra3 Rc8 37. h3 Rb8 38. Rc3 Ra8 39. Ne3 Ra4 40. Rb1 Qb8 41. Qc2 Ra7 42.
Rc1 Qa8 43. Rc6 Qd8 44. Qd1 Ra8 45. Nc4 Nc8 46. Nd2 Ra2 47. Qb3 Bxc6 48. dxc6
Rda7 49. Ne4 Ra1 50. Rxa1 Rxa1+ 51. Kh2 d5 52. Nxf6 Kxf6 53. Bxd5 Rb1 54. Qxb1
Qxd5 55. Qb2 Na7 56. c7 Qc4 57. Qc3 Qxb5 58. Qd2 Kf7 59. Qd6 Kg8 60. Qf8+ Kh7
61. Qf7+ Kh8 62. Be7 1-0

[Event "ch-FRA Accession 2015"]
[Site "Saint-Quentin FRA"]
[Date "2015.08.19"]
[Round "10.3"]
[White "Jolly, Jean-Francois"]
[Black "Velten, Paul"]
[Result "1-0"]
[WhiteTitle "IM"]
[BlackTitle "IM"]
[WhiteElo "2345"]
[BlackElo "2470"]
[WhiteFideId "634751"]
[BlackFideId "681091"]
[EventDate "2015.08.09"]

1. e4 c6 2. d4 d5 3. Nd2 dxe4 4. Nxe4 Nf6 5. Nxf6+ gxf6 6. Nf3 Na6 7. Bf4 Qb6 8.
Bd3 Nb4 9. O-O Nxd3 10. Qxd3 Bg4 11. h3 Bh5 12. Rfe1 Bg6 13. Qe2 e6 14. c4 Rd8
15. Rad1 Bb4 16. Rf1 Be7 17. d5 cxd5 18. cxd5 O-O 19. Be3 Qa6 20. Qxa6 bxa6 21.
dxe6 fxe6 22. Rc1 e5 23. Rc7 Bd6 24. Rxa7 Rf7 25. Rxf7 Bxf7 26. b3 Ba3 27. g4
Be6 28. Nh4 h5 29. f3 Kf7 30. Nf5 a5 31. Kf2 a4 32. bxa4 Ra8 33. Rb1 hxg4 34.
Rb7+ Kg8 35. hxg4 Bxf5 36. gxf5 Rxa4 37. Ra7 Rxa7 38. Bxa7 Kf7 39. Ke3 Ke7 40.
Ke4 Kd6 41. Bb6 Ke7 42. Kd5 Kd7 43. Bc5 Bc1 44. a4 Bd2 45. Bb6 Bc3 46. a5 Kc8
47. a6 Kb8 48. Bd8 e4 49. fxe4 Ka7 50. Ke6 Kxa6 51. Bxf6 Bd2 52. Be7 1-0

[Event "ch-FRA Accession 2015"]
[Site "Saint-Quentin FRA"]
[Date "2015.08.19"]
[Round "10.5"]
[White "Macon, Arthur"]
[Black "Chabanon, Jean-Luc"]
[Result "1/2-1/2"]
[BlackTitle "GM"]
[WhiteElo "2273"]
[BlackElo "2493"]
[WhiteFideId "20654707"]
[BlackFideId "600075"]
[EventDate "2015.08.09"]

1. Nf3 c5 2. c4 b6 3. g3 Bb7 4. Bg2 g6 5. O-O Bg7 6. Nc3 Nc6 7. e3 Nf6 8. d4 Na5
9. b3 d5 10. cxd5 Nxd5 11. Bb2 Rc8 12. Qd2 Nxc3 13. Bxc3 cxd4 14. Nxd4 Bxg2 15.
Kxg2 Qd5+ 16. Kg1 O-O 17. Rac1 Nb7 18. Rfd1 Nc5 19. Ne2 Qxd2 20. Rxd2 Rfd8 21.
Rxd8+ Rxd8 22. Bxg7 Kxg7 23. b4 Ne6 24. Rc2 Rd1+ 25. Kg2 Rb1 26. a3 Ra1 27. Rc3
g5 28. h3 h5 29. g4 hxg4 30. hxg4 Nf8 31. f4 gxf4 32. exf4 Ng6 33. Kf2 f6 34.
Ke3 Kf7 35. Nc1 Rb1 36. Ne2 a5 37. bxa5 bxa5 38. Rc5 Rb3+ 39. Rc3 Rb5 40. Nd4
Rb1 41. Ne2 Rh1 42. Kf2 Rh2+ 43. Kf1 Rh4 44. Rg3 f5 45. gxf5 Nxf4 46. Re3 Kf6
47. Ng3 Rh7 48. Kf2 Nh3+ 49. Kg2 Ng5 50. Rb3 Rh4 51. Rb6+ Kf7 52. Rb3 Rd4 53.
Kf2 Rf4+ 54. Kg2 Rc4 55. Kf2 Ne4+ 56. Nxe4 Rxe4 57. Kf3 Rc4 58. Re3 a4 59. Re4
Rc3+ 60. Re3 Rb3 61. Kf4 Kf8 62. Ke4 Rb1 63. Ke5 Rb6 64. Re4 Ra6 65. Rb4 Kf7 66.
Kf4 Ke8 67. Rd4 Ra5 68. Ke4 Ra8 69. Kf4 Ra6 70. Ke5 Kf7 71. Rb4 Ra5+ 72. Kf4 Ra8
73. Ke5 Ra6 74. Rc4 Ra5+ 75. Kf4 Ke8 76. Rd4 Kf8 77. Rb4 Kg7 78. Rb7 Kf7 79. Rb4
Ra7 80. Ke5 Ra8 81. Rc4 Ra5+ 82. Kf4 e6 83. fxe6+ Kxe6 84. Ke4 Kd6 85. Kd4 Rd5+
86. Kc3 Rc5 87. Kb4 Rxc4+ 88. Kxc4 Kc6 89. Kb4 Kb7 90. Kxa4 Ka8 91. Kb5 Kb7 92.
a4 Ka7 93. a5 Kb7 94. a6+ Ka7 95. Ka5 Kb8 96. Kb6 Ka8 97. a7 1/2-1/2

[Event "ch-FRA Accession 2015"]
[Site "Saint-Quentin FRA"]
[Date "2015.08.19"]
[Round "10.6"]
[White "Sim, Sylvain"]
[Black "Favarel, Antoine"]
[Result "1/2-1/2"]
[BlackTitle "FM"]
[WhiteElo "2201"]
[BlackElo "2364"]
[WhiteFideId "649970"]
[BlackFideId "642371"]
[EventDate "2015.08.09"]

1. e4 c5 2. Nf3 Nc6 3. d4 cxd4 4. Nxd4 g6 5. c4 Bg7 6. Be3 Nf6 7. Nc3 d6 8. Be2
O-O 9. Rc1 Bd7 10. O-O Nxd4 11. Bxd4 Bc6 12. f3 a5 13. b3 Nd7 14. Bxg7 Kxg7 15.
Qd4+ Kg8 16. Nd5 e5 17. Qd2 Bxd5 18. Qxd5 Nc5 19. Rfd1 Ra6 20. Bf1 Qb6 21. Kh1
Re8 22. Rb1 Qb4 23. Qd2 Rb6 24. Qc1 Rc6 25. a3 Qb6 26. b4 axb4 27. axb4 Ne6 28.
Rd5 Nf4 29. c5 dxc5 30. Rxc5 Rec8 31. g3 Ne6 32. Rxc6 Rxc6 33. Qd2 Rd6 34. Qe2
Qd8 35. Rb2 Rd1 36. Kg2 Qd4 37. Qf2 Qc3 38. Qc2 Qd4 39. Qf2 Qd7 40. h4 Rd4 41.
Qc2 h5 42. Bc4 Nc7 43. Qc3 Ne8 44. Rc2 Nf6 45. Bb3 Kg7 46. Qc5 Rd2+ 47. Rxd2
Qxd2+ 48. Kg1 Qe1+ 49. Kg2 Qe2+ 50. Qf2 Qxf2+ 51. Kxf2 Ne8 52. Ke3 Nd6 53. Kd3
b6 54. Bd1 f5 55. Ba4 fxe4+ 56. fxe4 Kf6 57. Bd1 Kg7 58. Ke3 Kh6 59. Be2 Kh7 60.
Kd3 Kg7 61. Ke3 Kf6 62. Kd3 Ke7 63. Ke3 Ne8 64. Kd3 Nf6 65. Ke3 Kd6 66. Kd3 Kc6
67. Ke3 Ne8 68. Bc4 Nd6 69. Kd3 Kd7 70. Bd5 Ke7 71. Bb3 Kf8 72. Bd1 Kg7 73. Be2
Kh6 74. Ke3 g5 75. Kf3 Nf7 76. Bb5 Nd6 77. Be2 Nc8 78. Ke3 gxh4 79. gxh4 Ne7 80.
Kd3 Ng6 81. Kc4 Nxh4 82. Kb5 Ng2 83. Bxh5 Kxh5 84. Kxb6 Nf4 85. Kc6 Kg5 86. b5
Kf6 87. b6 Ne6 88. b7 Nd8+ 89. Kc7 Nxb7 90. Kxb7 Kf7 91. Kc6 Ke6 92. Kc5 Ke7 93.
Kd5 Kd7 94. Kxe5 Ke7 95. Kd5 Kd7 96. e5 Ke7 97. e6 Ke8 98. Kd6 Kd8 99. e7+ Ke8
100. Ke6 1/2-1/2

[Event "ch-FRA Accession 2015"]
[Site "Saint-Quentin FRA"]
[Date "2015.08.20"]
[Round "11.1"]
[White "Demuth, Adrien"]
[Black "Housieaux, David"]
[Result "0-1"]
[WhiteTitle "GM"]
[BlackTitle "IM"]
[WhiteElo "2541"]
[BlackElo "2445"]
[WhiteFideId "642274"]
[BlackFideId "617938"]
[EventDate "2015.08.09"]

1. Nf3 Nf6 2. c4 g6 3. Nc3 Bg7 4. d4 O-O 5. e4 d6 6. h3 e5 7. d5 a5 8. Be3 Na6
9. g4 Bd7 10. Nd2 c6 11. a3 Ne8 12. Qc2 Kh8 13. O-O-O Nc5 14. f3 f5 15. Be2 Qh4
16. Rhg1 cxd5 17. exd5 e4 18. fxe4 Qxh3 19. Bxc5 dxc5 20. gxf5 gxf5 21. Rxg7
Nxg7 22. e5 Rae8 23. e6 Bxe6 24. dxe6 Nxe6 25. Qd3 Qh6 26. Nd5 Nd4 27. Bf3 a4
28. Kb1 Qh4 29. b4 axb3 30. Kb2 Re1 31. Nc3 Rfe8 32. Rxe1 Qxe1 33. Nd5 Rg8 34.
Qe3 Qxe3 0-1

[Event "ch-FRA Accession 2015"]
[Site "Saint-Quentin FRA"]
[Date "2015.08.20"]
[Round "11.2"]
[White "Collas, Didier"]
[Black "Duboue, Peio"]
[Result "1-0"]
[WhiteTitle "IM"]
[BlackTitle "FM"]
[WhiteElo "2379"]
[BlackElo "2312"]
[WhiteFideId "602680"]
[BlackFideId "654833"]
[EventDate "2015.08.09"]

1. d4 Nf6 2. c4 e6 3. g3 Bb4+ 4. Nd2 O-O 5. Bg2 d5 6. Nf3 b6 7. O-O Bb7 8. Ne5
Nc6 9. Qa4 Bxd2 10. Nxc6 Bxc6 11. Qxc6 Bxc1 12. Raxc1 Rc8 13. cxd5 Nxd5 14. Rc4
Re8 15. Rfc1 Re7 16. b4 Rb8 17. b5 Rd7 18. Bxd5 exd5 19. Ra4 Ra8 20. Rc3 h5 21.
Rca3 Rd6 22. Qc2 Qb8 23. Rc3 Rd7 24. Qf5 Qe8 25. Qxh5 Qe4 26. Re3 Qb1+ 27. Kg2
Qxb5 28. Rxa7 Rf8 29. g4 c5 30. Raa3 f6 31. Re8 Rd8 32. Re7 Rd7 33. Rae3 Rxe7
34. Rxe7 Qb1 35. Qxd5+ Kh8 36. Re3 g6 37. Qb7 g5 38. dxc5 Kg8 39. Qd5+ Kh8 40.
Qb7 Kg8 41. cxb6 Qxa2 42. Re7 Qc2 43. Qd5+ Kh8 44. b7 Qb1 45. Qf5 1-0

[Event "ch-FRA Accession 2015"]
[Site "Saint-Quentin FRA"]
[Date "2015.08.20"]
[Round "11.3"]
[White "Jolly, Jean-Francois"]
[Black "Dionisi, Thomas"]
[Result "1-0"]
[WhiteTitle "IM"]
[BlackTitle "FM"]
[WhiteElo "2345"]
[BlackElo "2371"]
[WhiteFideId "634751"]
[BlackFideId "651893"]
[EventDate "2015.08.09"]

1. e4 c5 2. Nf3 d6 3. d4 cxd4 4. Nxd4 Nf6 5. Nc3 Nc6 6. Bg5 e6 7. Qd2 a6 8.
O-O-O Bd7 9. f4 h6 10. Bxf6 Qxf6 11. Nf3 Qd8 12. Kb1 Be7 13. e5 d5 14. Ne2 b5
15. Ned4 Qb6 16. h4 1-0

[Event "ch-FRA Accession 2015"]
[Site "Saint-Quentin FRA"]
[Date "2015.08.20"]
[Round "11.4"]
[White "Chabanon, Jean-Luc"]
[Black "Rodriguez, Adrien"]
[Result "1/2-1/2"]
[WhiteTitle "GM"]
[WhiteElo "2493"]
[BlackElo "2300"]
[WhiteFideId "600075"]
[BlackFideId "20691866"]
[EventDate "2015.08.09"]

1. d4 Nf6 2. c4 e6 3. Nc3 Bb4 4. Nf3 O-O 5. Bg5 c5 6. Rc1 cxd4 7. Nxd4 Nc6 8. a3
Be7 9. e3 Qa5 10. Bh4 Nxd4 11. Qxd4 b6 12. Be2 Bb7 13. O-O Qc5 14. Rfd1 Rfd8 15.
Nb5 Qc6 16. f3 d6 17. Bf2 e5 18. Qd2 Ng4 19. Nc3 Nxf2 20. Kxf2 Qd7 21. Nd5 Bh4+
22. g3 Qh3 23. Kg1 Bg5 24. Bf1 Qh6 25. f4 Bf6 26. Bg2 Bxd5 27. Bxd5 Rac8 28. a4
exf4 29. exf4 g5 30. Rf1 Rc7 31. Rce1 g4 32. Re4 Qg7 33. Rfe1 Rcc8 34. R1e2 h5
35. b3 Qg6 36. Kg2 Kg7 37. f5 Qg5 38. Qxg5+ Bxg5 39. h3 gxh3+ 40. Kxh3 Bf6 41.
g4 hxg4+ 42. Kxg4 Kf8 43. Kf3 Re8 44. b4 Rxe4 45. Rxe4 a5 46. b5 Re8 47. Bc6
Rxe4 48. Kxe4 Ke7 49. Bd5 1/2-1/2

[Event "ch-FRA Accession 2015"]
[Site "Saint-Quentin FRA"]
[Date "2015.08.20"]
[Round "11.5"]
[White "Velten, Paul"]
[Black "Macon, Arthur"]
[Result "1-0"]
[WhiteTitle "IM"]
[WhiteElo "2470"]
[BlackElo "2273"]
[WhiteFideId "681091"]
[BlackFideId "20654707"]
[EventDate "2015.08.09"]

1. d4 d5 2. Nf3 Nf6 3. Bf4 e6 4. e3 c5 5. Nbd2 Nc6 6. c3 Bd6 7. dxc5 Bxc5 8. Bd3
Bd6 9. Bg5 O-O 10. e4 h6 11. Bh4 Be7 12. exd5 Nxd5 13. Bxe7 Ncxe7 14. Be4 Nf6
15. O-O Qb6 16. Qb3 Qxb3 17. axb3 Rd8 18. Rfd1 Nf5 19. Bc2 Kf8 20. Nc4 Rxd1+ 21.
Rxd1 b6 22. Nfe5 Bb7 23. f3 h5 24. Kf2 Ke7 25. Re1 Nh6 26. h3 h4 27. Rd1 Bd5 28.
Ne3 Bb7 29. Rd4 Rh8 30. Rxh4 Rd8 31. Rc4 Kd6 32. Rd4+ Nd5 33. Nxd5 Bxd5 34. Nc4+
Ke7 35. Ne3 Bb7 36. Ra4 a5 37. Ke1 Ba6 38. Rh4 Ng8 39. b4 axb4 40. Rxb4 Rd6 41.
Ra4 Bb5 42. Ra7+ Rd7 43. Ra3 Rd6 44. c4 Bd7 45. Ra7 Nf6 46. b4 Kd8 47. g4 g5 48.
Ke2 Rd4 49. b5 Ne8 50. Bd3 Kc8 51. Nc2 Rf4 52. Nb4 Bxb5 53. cxb5 Rxb4 54. Rxf7
Nd6 55. Rg7 Nxb5 56. Rxg5 Nc3+ 57. Kd2 Nd5 58. h4 Rb2+ 59. Bc2 Nb4 60. Kc3 Rxc2+
61. Kxb4 Rf2 62. h5 Rxf3 63. h6 Rf7 64. Rg7 Rf4+ 65. Kb5 Rf1 66. h7 1-0

[Event "ch-FRA Accession 2015"]
[Site "Saint-Quentin FRA"]
[Date "2015.08.20"]
[Round "11.6"]
[White "Favarel, Antoine"]
[Black "Lazarev, Vladimir"]
[Result "1-0"]
[WhiteTitle "FM"]
[BlackTitle "GM"]
[WhiteElo "2364"]
[BlackElo "2389"]
[WhiteFideId "642371"]
[BlackFideId "4113250"]
[EventDate "2015.08.09"]

1. c4 c5 2. g3 g6 3. Bg2 Bg7 4. Nc3 Nc6 5. e3 e6 6. Nge2 Nge7 7. d4 O-O 8. dxc5
Qa5 9. O-O Qxc5 10. b3 d5 11. Na4 Qa5 12. Bb2 dxc4 13. Bxg7 Kxg7 14. bxc4 Rd8
15. Qb3 e5 16. Nec3 Be6 17. Rfd1 Rab8 18. Qb5 Qb4 19. Rxd8 Rxd8 20. Qxb4 Nxb4
21. Rb1 Nec6 22. a3 Nc2 23. Rxb7 Rc8 24. Bd5 Kg8 25. Bxe6 fxe6 26. Ne4 Nxa3 27.
Nf6+ Kf8 28. Nxh7+ Kg8 29. Nf6+ Kf8 30. Nh7+ Kg8 31. Nc5 Nd8 32. Nf6+ Kf8 33.
Ncd7+ Ke7 34. Rxa7 Nxc4 35. Nb6+ Kxf6 36. Nxc8 Nf7 37. Kg2 1-0